| Tag |
First Indicator |
Second Indicator |
Subfields |
| LEADER |
00000cam a22000007a 4500 |
| 001 |
in00001091821 |
| 005 |
20150929180849.0 |
| 008 |
920123s1992 enka 000 0 eng d |
| 010 |
|
|
|a gb 91070062
|
| 015 |
|
|
|a GB91-70062
|
| 020 |
|
|
|a 1854090259 (pbk) :
|c £9.95 : CIP confirmed
|
| 035 |
|
|
|a (OCoLC)26310136
|
| 035 |
|
|
|9 AFR9146AM
|
| 040 |
|
|
|a UKM
|c UKM
|d UtOrBLW
|
| 049 |
|
|
|a TXAS [mil]
|
| 082 |
0 |
4 |
|a 623.7463
|2 20
|
| 090 |
|
|
|a TL686.H35
|b G74 1992
|
| 100 |
1 |
|
|a Griehl, Manfred.
|
| 245 |
1 |
0 |
|a Heinkel combat aircraft /
|c Manfred Griehl.
|
| 264 |
|
1 |
|a [Place of publication not identified] :
|b London :
|b Arms & Armour,
|c [1992]
|
| 264 |
|
4 |
|c ©1992
|
| 300 |
|
|
|a 96 unnumbered pages :
|b illustrations ;
|c 25 cm.
|
| 336 |
|
|
|a text
|b txt
|2 rdacontent
|
| 337 |
|
|
|a unmediated
|b n
|2 rdamedia
|
| 338 |
|
|
|a volume
|b nc
|2 rdacarrier
|
| 650 |
|
0 |
|a Heinkel airplanes.
|
| 999 |
|
|
|a MARS
|
| 999 |
f |
f |
|s e4f23a6e-665c-380f-b663-bc5a5f3bd2ca
|i 2c905599-ff07-3f83-803a-ba551c47154a
|t 0
|
| 952 |
f |
f |
|p noncirc
|a Texas A&M University
|b College Station
|c Cushing Memorial Library & Archives
|d Cushing: Ragan Military (Does not check out)
|t 0
|e TL686.H35 G74 1992
|h Library of Congress classification
|i unmediated -- volume
|
| 998 |
f |
f |
|a TL686.H35 G74 1992
|t 0
|l Cushing: Ragan Military (Does not check out)
|